000 00744nam a22002297a 4500
003 DO-SdBNP
005 20240307073942.0
007 ta
008 210920b 2017 dr 00| 0 eng d
020 _a9789945472851
040 _aDO-SdBNP
_bspa
_cBNPHU
082 4 _aBNPHU 378.1012
_bI59p, 2012
110 2 _aInstituto Tecnológico de Santo Domingo
_978911
245 1 0 _aPolítica de postgrado :
_baprobada en Consejo Académico mediante resolución No. 20170203-07/13
260 _aSanto Domingo :
_bINTEC,
_c2017.
300 _a84 p. ;
_c22 cm.
590 _aInventariado, 2018/BT
610 0 _aInstituto Tecnológico de Santo Domingo
_vReglamentos
_91629
650 1 4 _aUniversidades
_vReglamentos
_91627
910 _aBtavárez
942 _2ddc
_cLBS1
999 _c50587
_d50587